000
00299nam a22001337a 4500
008
180803b xxu||||| |||| 00| 0 eng d
082
_a
813.52
245
_a
Power lecture Nutrition
_c
WADSWORTH
260
_c
2000
300
_a
1
440
_x
9780538496797
760
_b
12 th
942
_2
ddc
_c
MX
999
_c
46786
_d
46786